| 000 | 03691nam a22004337a 4500 | ||
|---|---|---|---|
| 008 | 100621t xxu||||| |||| 00| 0 eng d | ||
| 010 | _aB-406592 B-422113-117 B-422188-200 | ||
| 020 |
_a9780593054277 _c699.00 |
||
| 035 | _aB-406592 B-422113-117 B-422188-200 | ||
| 037 |
_aUBH/ VEN _bRP/CL/E;28/108/28-05-10 |
||
| 040 |
_adpl _beng |
||
| 082 | _aN-BRO | ||
| 100 |
_aBrown,Dan _926430 |
||
| 245 |
_aThe Lost Symbol/ _cby Dan Brown |
||
| 260 |
_aLondon _bTransworld Publishers _c2009 |
||
| 270 |
_a61-63 Uxbridge Road _bLondon |
||
| 300 |
_a509pgs _b22cm |
||
| 942 |
_2ddc _cEN _hN _mBRO |
||
| 999 |
_c36735 _d36735 |
||